000 00238nam a22000857a 4500
008 160822b xxu||||| |||| 00| 0 eng d
100 _9207
_aNirupama Srivastava
245 _aArt & Activity-8
260 _aNew Delhi
_bRachna Sagar publication
_c2011
999 _c2865
_d2865